000 00681nam a2200193 a 4500
001 000043957
005 20201002045050.0
008 140512s2006 sp ac 000 0 spa d
020 _a9788487744280
040 _aDO-SdBNP
_bspa
_cBNPHU
082 _axxxxxx
_bxxxxxx
245 0 0 _aDesventuras Conyugales de Bartolomé Morales de Ruzante /
_cedición y coordinación Ángel Facio ; director Mario Gas.
260 _aMadrid, :
_bTeatro español,
_c2006.
300 _a284 p. :
_bils., retrs.
490 1 _aCuadernos del teatro español
_v10
700 1 _aFacio, Ángel,
_eed. y coord.
_969908
700 1 _aGas, Mario,
_edr.
_971900
830 0 _aCuadernos del teatro español
_n10
_971901
999 _c43446
_d43446